Návrh na zlepšenie udržateľného systému duálneho vzdelávania zameraného na kľúčové výrobné pozície vo vybranom priemyselnom podniku

Salvato in:
Dettagli Bibliografici
Autore principale: Stančeková, Tatiana (Autore)
Altri autori: Chlpeková, Andrea (Relatore della tesi)
Natura: Manoscritto Libro
Lingua:slovacco
Pubblicazione: 2021
Soggetti:
Accesso online:http://is.stuba.sk/zp/portal_zp.pl?podrobnosti=158386
Tags: Aggiungi Tag
Nessun Tag, puoi essere il primo ad aggiungerne!!

MARC

LEADER 00000ntm a22000003a 4500
001 stuzp83708
003 SK-STU
005 20210612211953.5
007 ta
008 150427s2015----xo-----f-mn---000-0-slo-d
040 |a STU  |b slo 
041 0 |a slo 
100 1 |a Stančeková, Tatiana  |u 064000  |4 aut  |U MTF Materiálovotechnologická fakulta  |T MTF Ústav priemyselného inžinierstva a manažmentu  |X 105509  |U M4000  |Y 84  |7 105509 
242 0 1 |a Proposal for improving a sustainable dual education system focused on key production positions in a selected industrial enterprise  |y eng 
245 1 0 |a Návrh na zlepšenie udržateľného systému duálneho vzdelávania zameraného na kľúčové výrobné pozície vo vybranom priemyselnom podniku 
260 |c 2021 
650 4 |a systém duálneho vzdelávania  |2 slo 
650 4 |a priemyselný podnik  |2 slo 
650 4 |a výrobné pozície  |2 slo 
650 4 |a trh práce  |2 slo 
650 4 |a kompetencie zamestnanca  |2 slo 
650 4 |a zamestnanec  |2 slo 
650 4 |a žiak  |2 slo 
650 4 |a kľúčové výrobné pozície  |2 slo 
650 4 |a podnik  |2 slo 
650 4 |a key production positions  |2 eng 
650 4 |a labor market  |2 eng 
650 4 |a production positions  |2 eng 
650 4 |a the dual educational system  |2 eng 
650 4 |a enterprise  |2 eng 
650 4 |a industrial enterprise  |2 eng 
650 4 |a employee competencies  |2 eng 
650 4 |a employee  |2 eng 
650 4 |a pupil  |2 eng 
700 1 |a Chlpeková, Andrea  |u 064000  |k Z1  |4 ths  |U MTF Materiálovotechnologická fakulta  |T MTF Ústav priemyselného inžinierstva a manažmentu  |X 237  |U M4000  |Y 84  |7 A000000237 
856 4 |u http://is.stuba.sk/zp/portal_zp.pl?podrobnosti=158386 
996 |c M* DP-14777  |l MMSKP  |s P  |a 0  |w stuzp83708_0001